Quản trị rủi ro và khủng hoảng

Nội dung sách trình bày về việc quản trị rủi ro, quản trị khủng hoảng, những công việc cần làm trước và sau khi khủng hoảng xảy ra.

Uloženo v:
Podrobná bibliografie
Hlavní autor: Đoàn Thị Hồng Vân
Médium: Kniha
Jazyk:Vietnamese
Vydáno: H. Lao động - xã hội 2007
Témata:
Tagy: Přidat tag
Žádné tagy, Buďte první, kdo otaguje tento záznam!
Thư viện lưu trữ: Thư viện Trường Đại học Nam Cần Thơ
LEADER 00911nam a22001937a 4500
001 NCT_88259
008 210306b xxu||||| |||| 00| 0 vie d
999 |c 4352  |d 4352 
020 |c 50000 
082 0 4 |2 23rd ed.  |a 658.15  |b V121 
100 1 |a Đoàn Thị Hồng Vân 
245 1 0 |a Quản trị rủi ro và khủng hoảng  |c Đoàn Thị Hồng Vân 
260 |a H.  |b Lao động - xã hội  |c 2007 
300 |a 465 tr.  |c 21cm 
520 3 |a Nội dung sách trình bày về việc quản trị rủi ro, quản trị khủng hoảng, những công việc cần làm trước và sau khi khủng hoảng xảy ra. 
653 |a Quản trị kinh doanh 
942 |2 ddc  |c BK 
952 |0 0  |1 0  |2 ddc  |4 0  |6 658_150000000000000_V121  |7 0  |9 20977  |a 000001  |b 000001  |d 2021-03-06  |o 658.15 V121  |p MD.18247  |r 2021-03-06  |v 50000.00  |w 2021-03-06  |y BK 
980 |a Thư viện Trường Đại học Nam Cần Thơ